000 01318camaa22003972i 4500
001 2085537
003 EG-GICUC
005 20260514104302.0
008 950508s1995 inua jr 001 0 eng
010 _a 95000229
020 _a1562054260
020 _a9781562054267
040 _aDLC
_cDLC
_dDLC
_dEG-GICUC
_beng
_erda
082 0 0 _a004.6
_221
_bH519
092 0 4 _221
_a004.6
_bH519
099 _a004.6 H519 1995
100 1 _aHeywood, Drew.
_eAuthor.
245 0 0 _aInside NetWare 3.12 /
_cDrew Heywood, Niedermiller-Chaffins, Debra R.
246 3 _aInside NetWare three point twelve
250 _a5th edition.
264 _aIndianapolis, Ind. :
_bNew Riders Pub.,
_cc1995.
300 _axxx, 1213 pages :
_billustration ;
_c23 cm. +
_e1 computer optical laser disc (4 3/4 in.)
336 _atext
_btxt
_2rdacontent
337 _aunmediated
_bn
_2rdamedia
338 _avolume
_bnc
_2rdacarrier
500 _aIncludes index.
504 _aBibliography: pages 1174-1213.
541 _aوزارة الثقافة ؛
_bالقاهرة ؛
_cإهداء ؛
_d2023.
630 0 0 _aNetWare.
650 0 _aLocal area networks (Computer networks)
700 1 _aHeywood, Drew.
_eAuthor.
700 1 _aNiedermiller-Chaffins
_eAuthor.
700 1 _aDebra R
_eAuthor.
905 _aSamah
942 _2ddc
_cBK
_e21
_n0
999 _c180139
_d180139